Deutscher WM-Kader 1974 - Statistiken

Allgemein
  • Dieses Quiz wurde 2.165 mal gespielt
  • Das Durchschnittsergebnis liegt bei 10 aus 23
Antwortstatistiken
Spielposition Verein Spieler % Korrekt
Abwehr FC Bayern München Franz Beckenbauer
95%
Stürmer FC Bayern München Gerd Müller
90%
Torhüter FC Bayern München Sepp Maier
80%
Mittelfeldspieler Real Madrid Günter Netzer
70%
Stürmer FC Bayern München Uli Hoeneß
64%
Abwehr FC Bayern München Paul Breitner
62%
Bundestrainer / Helmut Schön
53%
Abwehr Borussia Mönchengladbach Berti Vogts
51%
Abwehr FC Bayern München Hans-Georg Schwarzenbeck
49%
Stürmer Borussia Mönchengladbach Jupp Heynckes
47%
Mittelfeldspieler 1. FC Köln Wolfgang Overath
47%
Stürmer Eintracht Frankfurt Bernd Hölzenbein
36%
Stürmer Eintracht Frankfurt Jürgen Grabowski
32%
Mittelfeldspieler Borussia Mönchengladbach Rainer Bonhof
29%
Torhüter Borussia Mönchengladbach Wolfgang Kleff
28%
Torhüter FC Schalke 04 Norbert Nigbur
25%
Abwehr Werder Bremen Horst-Dieter Höttges
23%
Mittelfeldspieler 1. FC Köln Heinz Flohe
20%
Mittelfeldspieler Borussia Mönchengladbach Herbert Wimmer
19%
Abwehr FC Schalke 04 Helmut Kremers
16%
Mittelfeldspieler 1. FC Köln Bernhard Cullmann
15%
Abwehr FC Bayern München Jupp Kapellmann
13%
Mittelfeldspieler Fortuna Düsseldorf Dieter Herzog
11%
Keine übereinstimmenden Quizze gefunden
Verteilung der Resultate
Anzahl Personen mit jedem Resultat
Perzentil nach korrekt beantworteten Fragen
Ihre Resultats-Entwicklung
Sie haben dieses Quiz noch nicht gespielt